Theoretical ecology : principles and applications

Αποθηκεύτηκε σε:
Λεπτομέρειες βιβλιογραφικής εγγραφής
Άλλοι συγγραφείς: May, Robert M. (Robert McCredie) 1936- (Επιμελητής έκδοσης), McLean, Angela R. (Επιμελητής έκδοσης)
Μορφή: Βιβλίο
Γλώσσα:English
Δημοσίευση: Oxford : Oxford University Press, 2007
Έκδοση:3rd ed.
Θέματα:
Ετικέτες: Προσθήκη ετικέτας
Δεν υπάρχουν, Καταχωρήστε ετικέτα πρώτοι!

MARC

LEADER 00000nam a2200000 i 4500
001 1/95193
008 081010s2007 eng d
020 |a 978-0-19-920999-6 (pbk.) 
035 |l 10100773 
040 |a GR-MY-UA  |b gre  |e aacr 
041 0 |a eng 
082 0 |a 577 
245 1 0 |a Theoretical ecology :  |b principles and applications /  |c edited by Robert M. May and Angela R. McLean 
250 |a 3rd ed. 
260 |a Oxford :   |b Oxford University Press,   |c 2007 
300 |a ix, 257 σ.;  |b εικ.;  |c 26 εκ. 
504 |a Βιβλιογραφία: σ. 216-248 
504 |a Ευρετήριο: σ. 249-257 
650 0 0 |a Ecology. 
700 1 |a May, Robert M.  |q (Robert McCredie)  |d 1936-  |4 edt 
700 1 |a McLean, Angela R.  |4 edt 
852 |a INST  |b LESVOS  |e 20081010  |h 577 THE  |p 005100043240  |q 005100043240  |t BK  |y 0 
901 |a BIBL1-2008-3 
909 |a Λ  |b 145061 
922 |a 1ΕΛΗ  |b 200801  |c ΕΠΕΑΕΚ2/ΤΕΘ  |d ΕΛΕΥΘΕΡΟΥΔΑΚΗΣ 
970 |a ΚΑΡΑ  |b ΓΙΑΣΕΜΗ  |z 2008/10/10